000 00449 a2200133 4500
000 nam a22 7a 4500
100 _aमीना
110 _aमीना
245 _aशमसेर बहादुर सिंह और नयी कविता का विकास
250 _aLatest edition
260 _bबाबा पब्लिकेशन
_c2024
264 _bबाबा पब्लिकेशन
_c2024
942 _cBK
999 _c396681
_d396681